LEADER 04669oam 2200577 450 001 996466120303316 005 20210804115818.0 010 $a3-540-49151-1 024 7 $a10.1007/3-540-49151-1 035 $a(CKB)1000000000211051 035 $a(SSID)ssj0000320795 035 $a(PQKBManifestationID)11213060 035 $a(PQKBTitleCode)TC0000320795 035 $a(PQKBWorkID)10249627 035 $a(PQKB)10841976 035 $a(DE-He213)978-3-540-49151-4 035 $a(MiAaPQ)EBC3071833 035 $a(MiAaPQ)EBC6494943 035 $a(PPN)155202588 035 $a(EXLCZ)991000000000211051 100 $a20210804d1998 uy 0 101 0 $aeng 135 $aurnn|008mamaa 181 $ctxt 182 $cc 183 $acr 200 00$aActive, real-time, and temporal database systems $esecond international workshop, ARTDB '97, Como, Italy, September 8-9, 1997 : proceedings /$fSten F. Andler, Jörgen Hansson (editors) 205 $a1st ed. 1998. 210 1$aBerlin ;$aHeidelberg :$cSpringer,$d[1998] 210 4$d©1998 215 $a1 online resource (VIII, 245 p.) 225 1 $aLecture Notes in Computer Science,$x0302-9743 ;$v1553 300 $aBibliographic Level Mode of Issuance: Monograph 311 $a3-540-65649-9 320 $aIncludes bibliographical references and index. 327 $aResearch Issues in Real-Time Database Systems -- Real-Time and Active Databases: A Survey -- Invited Talks -- Design of a Real-Time SQL Engine in the Distributed Environment -- A Cellular Database System for the 21st Century -- BeeHive: Global Multimedia Database Support for Dependable, Real-Time Applications -- Paper Presentations -- An Active Real-Time Database Model for Air Traffic Control Systems -- Performance Issues in Processing Active Real-Time Transactions -- Scheduling of Triggered Transactions in Distributed Real-time Active Databases -- Buffer Management in Active, Real-Time Database Systems -- Parallel Event Detection in Active Database Systems: The Heart of the Matter -- Toward Duration-Based, Constrained and Dynamic Event Types -- Supporting System-Level Testing of Applications by Active Real-Time Database Systems -- Temporal Indeterminacy in Deductive Databases: An Approach Based on Event Calculus -- Panel Sessions -- Panel Session: Predictability in Active Real-Time/Temporal Databases -- Panel Session: Practical and Industrial Experience in Active Real-Time Databases. 330 $aDatabase systems of the next generation are likely to be inherently very complex due to the diversity of requirements placed on them. Incorporating active, real time, and temporal virtues in one database system is an arduous effort but is also a commend able one. This book presents the proceedings of the Second International Workshop on Active, Real Time, and Temporal Database Systems (ARTDB 97), held in Como, Milan, in September 1997. The aim of the workshop was to bring researchers together from the active and real time research communities, and to examine the current state of the art in active, real time, and temporal database systems. This book offers a collection of papers presented at the ARTDB 97 workshop. The papers, many of them representing proficient and tenable results, illuminate the feasibility of building database system supporting reactive behavior, while enforcing timeliness and predictability. The book contains nine papers carefully reviewed and accepted by the program committee, three invited papers written by prominent researchers in the field, and two summaries of the panel discussions held at the workshop. The program committee received seventeen submissions, where each submission was reviewed by at least three program committee members. The two panel sessions focused on predictability issues and on practical experience of active, real time, and temporal database systems. The ARTDB 97 workshop was held in cooperation with the IEEE Technical Committees on Real Time Systems and Complexity in Computing, and the ACM Special Interest Group on Manipulation of Data. 410 0$aLecture Notes in Computer Science,$x0302-9743 ;$v1553 606 $aReal-time data processing$vCongresses 615 0$aReal-time data processing 676 $a005.74 702 $aAndler$b Sten F.$f1947- 702 $aHansson$b Jörgen$f1970- 712 12$aInternational Workshop on Active and Real-Time Database Systems$d(2nd :$f1997 :$eComo, Italy), 801 0$bMiAaPQ 801 1$bMiAaPQ 801 2$bUtOrBLW 906 $aBOOK 912 $a996466120303316 996 $aActive, real-time, and temporal database systems$92106946 997 $aUNISA